Conquering back pain / (Record no. 76474)

MARC details
000 -LEADER
fixed length control field 00919nam a22002657a 4500
005 - DATE AND TIME OF LATEST TRANSACTION
control field 20180227151855.0
010 ## - LCCN (DPL NO)
LC control number ENG-107557
020 ## - INTERNATIONAL STANDARD BOOK NUMBER
International Standard Book Number 9788122201444
Terms of availability 225.00
035 ## - SYSTEM CONTROL NUMBER
System control number EN-91090
035 ## - SYSTEM CONTROL NUMBER
System control number B-528360
035 ## - SYSTEM CONTROL NUMBER
System control number B-667661
037 ## - SOURCE OF ACQUISITION
Source of stock number/acquisition DBAD/PUB
037 ## - SOURCE OF ACQUISITION
Source of stock number/acquisition KKP/Ven
Stock number dpl
082 ## - DEWEY DECIMAL CLASSIFICATION NUMBER
Classification number 617.56
100 ## - MAIN ENTRY--PERSONAL NAME
Personal name Norfolk, Donald
245 ## - TITLE STATEMENT
Title Conquering back pain /
Statement of responsibility, etc by Donald Norfolk
260 ## - PUBLICATION, DISTRIBUTION, ETC. (IMPRINT)
Place of publication, distribution, etc New Delhi
Name of publisher, distributor, etc Orient Paperbacks
Date of publication, distribution, etc 2011
270 ## - ADDRESS
Address 5A/8 Ansari Road
City New Delhi
Postal code 110002
300 ## - PHYSICAL DESCRIPTION
Extent 176p. :
Dimensions 22cm(pbk)
Other physical details ill.
500 ## - GENERAL NOTE
General note Includes index
520 ## - SUMMARY, ETC.
Summary, etc 13-14EN
942 ## - ADDED ENTRY ELEMENTS (KOHA)
Source of classification or shelving scheme Dewey Decimal Classification
Item type English Books
Call number suffix NOR
Classification part 617.56
Holdings
Withdrawn status Lost status Not for loan Collection code Home library Current library Date acquired Source of acquisition Cost, normal purchase price Full call number Barcode Copy number Cost, replacement price Koha item type
      Non-fiction Ashok Vihar Ashok Vihar 26/02/2018 KKP/BL277/24.2.2017/EN/13-14/AV/354/15.2.2017/17.3.2017 225.00 617.56 NOR B-667661 1 225.00 English Books
  Written-off vide DLB M. No. 383 dt 16.05.19   Non-fiction Central Library Central Library 02/05/2014 KKP/BL3444/24.10.2013/31/10.10.2013/29.10.2013 225.00 617.56 NOR B-528360 1 225.00 English Books
    Not For Loan Non-fiction D.B.Act.Division D.B.Act.Division 05/06/2013 DBAD/PUB 225.00 617.56 NOR EN-91090 1 225.00 English Books

© Delhi Public Library
Hit Counter
free hit counter